Introductory statistics for environmentalists

Written especially for students on degree courses in the environmental sciences and related areas, this much-needed text gives an introduction to and thorough grounding in statistics, and provides an understanding of the importance of the subject in the environmental sciences. This unique text does...

Ausführliche Beschreibung

Gespeichert in:
Bibliographische Detailangaben
1. Verfasser: Moore, Paul.
Format: Buch
Sprache:Undetermined
Veröffentlicht: London,New York Prentice Hall Europe 1998
Schlagworte:
Tags: Tag hinzufügen
Keine Tags, Fügen Sie den ersten Tag hinzu!
Thư viện lưu trữ: Trung tâm Học liệu Trường Đại học Cần Thơ
LEADER 00942nam a2200181Ia 4500
001 CTU_141714
008 210402s9999 xx 000 0 und d
082 |a 519.5024333 
082 |b M823 
100 |a Moore, Paul. 
245 0 |a Introductory statistics for environmentalists 
245 0 |c Paul Moore and John Cobby 
260 |a London,New York 
260 |b Prentice Hall Europe 
260 |c 1998 
520 |a Written especially for students on degree courses in the environmental sciences and related areas, this much-needed text gives an introduction to and thorough grounding in statistics, and provides an understanding of the importance of the subject in the environmental sciences. This unique text does not assume any prior knowledge, and will provide students with a clear insight into the subject, giving them a firm basis on which to proceed 
650 |a Statistics 
980 |a Trung tâm Học liệu Trường Đại học Cần Thơ